The Little, Brown compact handbook : (رقم التسجيلة. 37783)
[ عرض عادي ]
| 000 -الفاتح | |
|---|---|
| حقل البيانات ثابتة الطول | 00823nam a22002417a 4500 |
| 003 - محدد رقم الضبط | |
| رقم الضبط | OSt |
| 005 - وقت وتاريخ اخر تعامل مع التسجيلة | |
| رقم الضبط | 20150729015723.0 |
| 008 - عناصر البيانات ثابتة الطول - معلومات عامة | |
| حقل البيانات ثابتة الطول | 110907s2014 enk g 000 0 eng d |
| 020 ## - الرقم الدولى المعيارى للكتب | |
| الرقم الدولى المعيارى للكتاب | 9781292040523 |
| 040 ## - مصدر الفهرسة | |
| وكالة النسخ | Ma-ua |
| وكالة الفهرسة الأصلية | ara |
| 082 ## - رقم تصنيف ديوى العشرى | |
| رقم الطبعة | 21 |
| رقم التصنيف | 808.042 |
| رقم المادة | AJL |
| 100 1# - المدخل الرئيسى - إسم شخصى | |
| الإسم الشخصى | Aaron, Jane E. |
| 9 (RLIN) | 49785 |
| 245 10 - بيان العنوان | |
| العنوان | The Little, Brown compact handbook : |
| بقية العنوان | with exercises / |
| بيان المسئوليه,etc | Jane E. Aaron. |
| 250 ## - بيان الطبعة | |
| بيان الطبعة | 8Th ed, Pearson new international edition. |
| 260 ## - PUBLICATION, DISTRIBUTION, ETC. (IMPRINT) | |
| مكان الناشر او الموزع | Harlow : |
| اسم الناشر او الموزع | Pearson, |
| تاريخ النشر أو التوزيع | 2014. |
| 300 ## - الوصف المادى | |
| التعداد | iv, 532 p. : |
| تفاصيل ماديه اخرى للوعاء | ill. (some col.) ; |
| أبعاد الوعاء | 28 cm. |
| 490 1# - بيان السلسلة | |
| عنوان السلسلة | Pearson custom library |
| 500 ## - تبصرة عامة | |
| تبصرة عامة | Includes index. |
| 650 #0 - المدخل الاضافى بالموضوع-مصطلح موضوعى | |
| مصطلح موضوعي أو اسم جغرافي كعنصر مدخل | English language |
| التقسيم الفرعي العام | Grammar |
| التقسيم الفرعي الشكلي | Handbooks, manuals, etc. |
| 9 (RLIN) | 49786 |
| 650 #0 - المدخل الاضافى بالموضوع-مصطلح موضوعى | |
| مصطلح موضوعي أو اسم جغرافي كعنصر مدخل | English language |
| التقسيم الفرعي العام | Rhetoric |
| التقسيم الفرعي الشكلي | Handbooks, manuals, etc. |
| 9 (RLIN) | 49787 |
| 830 0# - المدخل الاضافى بالسلسلة -عنوان موحد | |
| عنوان موحد | Pearson custom library |
| 9 (RLIN) | 49788 |
| 942 ## - عناصر المدخل الإضافي( كوها) | |
| مصدر التصنيف او مخطط الترفيف | Dewey Decimal Classification |
| Koha [default] item type | كتاب |
| حالة الفقد | نموذج السعر الفعال | حالة تلف | ليس للاعارة | رقم الطلب | رقم النسخة | تاريخ الاكتساب | الموقع الحالي | الباركود | الفرع الرئيسي | Date last seen | نوع المادة فى نظام كوها | مصدر التصنيف او خطة الترفيف | Total Checkouts |
|---|---|---|---|---|---|---|---|---|---|---|---|---|---|
| 2015-07-29 | Not For Loan | 808.042 AJL | 1 | 2015-07-29 | المكتبة المركزية بالمجمعة (CL) | 00216204 | المكتبة المركزية بالمجمعة (CL) | 2015-07-29 | كتاب | Dewey Decimal Classification | |||
| 2015-07-29 | 808.042 AJL | 2 | 2015-07-29 | المكتبة المركزية بالمجمعة (CL) | 00216203 | المكتبة المركزية بالمجمعة (CL) | 2015-07-29 | كتاب | Dewey Decimal Classification | ||||
| 2015-07-29 | 808.042 AJL | 3 | 2015-07-29 | المكتبة المركزية بالمجمعة (CL) | 00216202 | المكتبة المركزية بالمجمعة (CL) | 2015-07-29 | كتاب | Dewey Decimal Classification |
